000 00513nam a2200193Ia 4500
005 20250326124009.0
008 250326s9999 xx 000 0 und d
037 _aTextbook
040 _aFMSL
_beng
_cFMSL
041 _aeng
_2eng
084 _aX K6
_qFMSL
100 _aMcconnell C R
_9736582
245 0 _aEconomics: principles, problems, and policies
_cMcconnell C R
250 _a3
260 _aNY
_bNY, McGraw-Hill
_c1966
300 _a792p
942 _cTB
_hX K6
999 _c1271818
_d1271818